000
00312nam a2200133Ia 4500
005
20251222155142.0
008
251222s9999||||xx |||||||||||||| ||spa||
082
_a
SIC.41
100
_a
GUADALUPE, Luis.
245
0
_a
Metodología de la investigación
250
_a
1ra. ed.
264
_b
Caribe
942
_c
LIB
999
_c
39226
_d
39226